Tiga budak nakal
| Main Author: | |
|---|---|
| Corporate Author: | |
| Other Authors: | |
| Format: | Book |
| Published: |
Selangor :
Penerbit Mikamas ,
2005
|
| Series: | Siri bacaan pintar
|
| Subjects: |
MARC
| LEADER | 00000cam a2200000 7i4500 | ||
|---|---|---|---|
| 001 | 0000001038 | ||
| 005 | 20151222.0 | ||
| 008 | 070704 | ||
| 020 | |a 9830753468 | ||
| 090 | 0 | 0 | |a JF |b MAL (72) |
| 100 | 0 | |a Zawiah Ahmad | |
| 245 | 1 | 0 | |a Tiga budak nakal |c Zawiah Ahmad and Suziana Che Wil |
| 260 | |a Selangor : |b Penerbit Mikamas , |c 2005 | ||
| 440 | |a Siri bacaan pintar | ||
| 500 | |a Children ages 7-9 years old (orange) | ||
| 650 | 0 | |a Junior fiction |x Malay |x Languages | |
| 700 | 0 | |a Suziana Che Wil | |
| 710 | 0 | |a Title | |
| 999 | |a 0000958733 |b Book |c Children Collection |e Perbadanan Perpustakaan Awam Johor | ||